Estrategias de escritura en la formación (Registro nro. 3313)

Detalles MARC
000 -LEADER
fixed length control field 01099 a2200241 4500
001 - CONTROL NUMBER
control field 40841
005 - DATE AND TIME OF LATEST TRANSACTION
control field 20260407155703.0
008 - FIXED-LENGTH DATA ELEMENTS--GENERAL INFORMATION
fixed length control field 260407a2014 arg spa d
003 - CONTROL NUMBER IDENTIFIER
control field AR-UNSa-BCEJYS
040 ## - CATALOGING SOURCE
Original cataloging agency AR-UNSa-BCEJYS
Language of cataloging spa
Transcribing agency AR-UNSa-BCEJYS
080 ## - UNIVERSAL DECIMAL CLASSIFICATION NUMBER
Universal Decimal Classification number 372.45
Common auxiliary subdivision Iniciación en la escritura (primeras lecciones)
020 ## - INTERNATIONAL STANDARD BOOK NUMBER
International Standard Book Number 978-987-538-390-6
041 ## - LANGUAGE CODE
Language code of text/sound track or separate title spa
100 1# - MAIN ENTRY--PERSONAL NAME
Personal name Menchón, Ángela
245 10 - TITLE STATEMENT
Title Estrategias de escritura en la formación
Name of part/section of a work la experiencia de enseñar escribiendo
264 #1 - PRODUCTION, PUBLICATION, DISTRIBUTION, MANUFACTURE, AND COPYRIGHT NOTICE
Place of production, publication, distribution, manufacture Buenos Aires :
Name of producer, publisher, distributor, manufacturer Noveduc
Date of production, publication, distribution, manufacture, or copyright notice 2014
300 ## - PHYSICAL DESCRIPTION
Extent 141 p.
Dimensions 28 cm.
505 ## - FORMATTED CONTENTS NOTE
Formatted contents note 1. Contrastes en la experiencia de escribir - 2. Aprender y aprobar: escribir en una cultura escindida - 3. Saber y pensar: más allá de la pedagogía del señor Miyagui - 4. El lugar de las preguntas en la clase - 5. Estrategias de escritura: once propuestas didácticas - 6. Investigar el escribir
590 ## - LOCAL NOTE (RLIN)
Local note niveau_biblio:m niveau_hierar:0
700 1# - ADDED ENTRY--PERSONAL NAME
Personal name Brailovsky, Daniel
856 41 - ELECTRONIC LOCATION AND ACCESS
Uniform Resource Identifier <a href="https://www.biblioeco.unsa.edu.ar/pmb/images/libros/L126295.jpg">https://www.biblioeco.unsa.edu.ar/pmb/images/libros/L126295.jpg</a>
Link text Imagen de portada
Electronic format type image/jpeg
942 ## - ADDED ENTRY ELEMENTS (KOHA)
Koha item type
Existencias
Withdrawn status Lost status Damaged status Not for loan Home library Current library Shelving location Date acquired Total checkouts Full call number Barcode Date last seen Price effective from Koha item type
        Biblioteca Prof. Eusebio Cleto del Rey Biblioteca Prof. Eusebio Cleto del Rey   07/04/2026   372.45 B814 L126294 07/04/2026 07/04/2026 Libro
        Biblioteca Prof. Eusebio Cleto del Rey Biblioteca Prof. Eusebio Cleto del Rey   07/04/2026   372.45 B814 L126295 07/04/2026 07/04/2026 Libro